[Event "Cto por Equipos de Aragon-Preferente I"]
[Site ""]
[Date "2023.03.18"]
[Round "8.33"]
[White "Dominguez Luzon, Fernando"]
[Black "Garcia Monterde, Francisco Jose"]
[Result "1/2-1/2"]
[WhiteElo "1960"]
[BlackElo "1816"]
[PlyCount "0"]
[WhiteTeam "Delicias B"]
[BlackTeam "Iberajedrez Mundo 64 B"]
[EventDate "2023.01.28"]

1. e4 c6 2. d4 d5 3. Nc3 dxe4 4. Nxe4 Nf6 5. Nxf6+ exf6 6. c3 Be6 7. Bd3 g6 8.
Ne2 Bg7 9. Bf4 O-O 10. O-O Nd7 11. Qc2 f5 12. Rfe1 Re8 13. Rad1 Rc8 14. Bg3 c5
15. dxc5 Rxc5 1/2-1/2

[Event "Cto por Equipos de Aragon-Preferente I"]
[Site ""]
[Date "2023.03.18"]
[Round "8.34"]
[White "Moreno Burillo, Marcos Antonio"]
[Black "Gaspar Calvo, Luis Alberto"]
[Result "1/2-1/2"]
[WhiteElo "1748"]
[BlackElo "1845"]
[PlyCount "0"]
[WhiteTeam "Iberajedrez Mundo 64 B"]
[BlackTeam "Delicias B"]
[EventDate "2023.01.28"]

1. d4 Nf6 2. c4 e6 3. Nc3 Bb4 4. Bg5 h6 5. Bh4 c5 6. e3 Qa5 7. Nge2 Ne4 8. Qc2
Bxc3+ 9. Nxc3 Nxc3 10. Qxc3 Qxc3+ 11. bxc3 d6 12. Be2 e5 13. O-O Nc6 14. Bf3
Bd7 15. Bxc6 Bxc6 16. d5 Bd7 17. Rab1 b6 18. e4 g5 19. Bg3 f6 20. f3 Ke7
1/2-1/2

[Event "Cto por Equipos de Aragon-Preferente I"]
[Site ""]
[Date "2023.03.18"]
[Round "8.35"]
[White "Martinez Blanco, Ruben"]
[Black "Barranco Castillo, Jose Antonio"]
[Result "1/2-1/2"]
[WhiteElo "1317"]
[BlackElo "1650"]
[PlyCount "0"]
[WhiteTeam "Delicias B"]
[BlackTeam "Iberajedrez Mundo 64 B"]
[EventDate "2023.01.28"]

1. e4 d6 2. d4 Nf6 3. Nc3 e5 4. Nf3 Nbd7 5. Bc4 Be7 6. O-O O-O 7. Be3 a6 8. a4
b6 9. Qe2 Bb7 10. Nd2 exd4 11. Bxd4 Ne5 12. Bxe5 dxe5 13. f4 exf4 14. Rxf4 Qd4+
1/2-1/2

[Event "Cto por Equipos de Aragon-Preferente I"]
[Site ""]
[Date "2023.03.18"]
[Round "8.36"]
[White "Torcal Miguel, Oscar"]
[Black "Escuer Sanchez, Nestor"]
[Result "1-0"]
[WhiteElo "2055"]
[BlackElo "2066"]
[PlyCount "0"]
[WhiteTeam "Helios B"]
[BlackTeam "Enroque Barbastro A"]
[EventDate "2023.01.28"]

1. e4 e6 2. d3 d5 3. Qe2 Nf6 4. g3 Be7 5. Bg2 O-O 6. Nf3 c5 7. O-O Nc6 8. e5 Nd7 
9. c4 f6 10. exf6 Nxf6 11. Re1 Bd6 12. Nc3 d4 13. Ne4 Nxe4 14. Qxe4 e5 15. Ng5 g6 
16. Qd5+ Kg7 17. Ne6+ Bxe6 18. Qxe6 Nb4 19. Rd1 Qc7 20. Be4 Nc6 21. h4 Ne7 22. h5 Nf5 
23. Kg2 Rae8 24. Qd5 b6 25. Rh1 Ne7 26. Bh6+ Kh8 27. Qb7 Qxb7 28. Bxb7 Rf7 29. Be4 gxh5 
30. Rxh5 Ng8 31. Bg5 Bf8 32. Bg6 Ree7 33. Rah1 h6 34. Bxf7 Rxf7 35. Bxh6 Bxh6 36. Rxh6+ Nxh6 
37. Rxh6+ Kg7 38. Re6 Rf5 39. Re7+ Kf6 40. Rxa7 Rg5 41. Rb7 e4 42. dxe4 Rg8 43. f4 Ra8 
44. Rxb6+ Ke7 45. Kf3 Rxa2 46. e5 Ra4 47. b3 Ra1 48. Rb5 Rf1+ 49. Ke2 Rb1 50. f5 Rb2+ 
51. Kd3 Rg2 52. Rxc5 Rxg3+ 53. Kxd4 Rxb3 54. Rc7+ Kd8 55. Rg7 Rb8 56. f6 1-0

[Event "Cto por Equipos de Aragon-Preferente I"]
[Site ""]
[Date "2023.03.18"]
[Round "8.37"]
[White "Delgado Pascual, Hugo"]
[Black "Lorente Melcon, Nicolas"]
[Result "1/2-1/2"]
[WhiteElo "1798"]
[BlackElo "1869"]
[PlyCount "0"]
[WhiteTeam "Enroque Barbastro A"]
[BlackTeam "Helios B"]
[EventDate "2023.01.28"]

1. e4 c5 2. Ne2 e6 3. g3 Nc6 4. Bg2 Be7 5. c3 Nf6 6. d4 d5 7. e5 Nd7 8. O-O O-O 9. Be3 cxd4 
10. cxd4 Nb6 11. Nd2 Bd7 12. Rc1 a5 13. f4 f5 14. Nc3 a4 15. g4 g6 16. gxf5 Rxf5 17. Bh3 Rf7 
18. b3 axb3 19. axb3 Bf8 20. Nf3 Bh6 21. Ng5 Bxg5 22. fxg5 Rxf1+ 23. Qxf1 Qe7 24. Qb5 Ra6 
25. Qe2 Qb4 26. Qd1 Ra3 27. Ne2 Qxb3 28. Qxb3 Rxb3 29. Rc3 Rxc3 30. Nxc3 Ne7 31. Kf2 Nc4 
32. Bf1 b5 33. Bxc4 dxc4 34. Ne4 Kg7 35. Nc5 Bc8 36. Ke1 Nd5 37. Bc1 Kf7 38. Ne4 Ba6 
39. Nc5 Bc8 1/2-1/2

[Event "Cto por Equipos de Aragon-Preferente I"]
[Site ""]
[Date "2023.03.18"]
[Round "8.38"]
[White "Torcal Miguel, Paula"]
[Black "Campo Pelegrin, Ramon"]
[Result "0-1"]
[WhiteElo "1590"]
[BlackElo "1788"]
[PlyCount "0"]
[WhiteTeam "Helios B"]
[BlackTeam "Enroque Barbastro A"]
[EventDate "2023.01.28"]

1. e4 e5 2. Nf3 Nc6 3. Bc4 Bc5 4. c3 Bb6 5. d3 d6 6. O-O Bg4 7. Nbd2 Nf6 8. a4 Qd7 
9. b4 a6 10. a5 Ba7 11. Re1 O-O 12. Nf1 Be6 13. Ba2 Ng4 14. Be3 Nxe3 15. Nxe3 Bxe3 
16. Rxe3 f5 17. Ng5 Bxa2 18. Rxa2 Rae8 19. Qb3+ Kh8 20. Rh3 h6 21. Rf3 Qe7 22. Nh3 f4 
23. d4 exd4 24. Nxf4 Qxe4 25. Re2 Qh7 26. Rxe8 Rxe8 27. Ne6 Qg8 28. h3 Rxe6 
29. Qb2 Ne5 30. Rg3 d3 31. Qd2 Qf7 32. f4 Nc4 33. Qxd3 Rf6 34. Qe4 d5 35. Qd4 Rxf4 
36. Rxg7 Rf1+ 0-1

[Event "Cto por Equipos de Aragon-Preferente I"]
[Site ""]
[Date "2023.03.18"]
[Round "8.39"]
[White "Carrera Angulo, Nicolas"]
[Black "Lorente Melcon, Hector"]
[Result "0-1"]
[WhiteElo "1616"]
[BlackElo "1553"]
[PlyCount "0"]
[WhiteTeam "Enroque Barbastro A"]
[BlackTeam "Helios B"]
[EventDate "2023.01.28"]

1. e4 c5 2. Nf3 e6 3. d4 cxd4 4. Nxd4 Nf6 5. Nc3 Nc6 6. Be3 Bb4 7. f3 O-O 8. Qd2 d5 
9. Nxc6 bxc6 10. O-O-O Qa5 11. exd5 Nxd5 12. Bd4 Nxc3 13. Bxc3 Qxa2 14. b3 Ba3+ 0-1

[Event "Cto por Equipos de Aragon-Preferente I"]
[Site ""]
[Date "2023.03.18"]
[Round "8.40"]
[White "Chueca Lorente, Javier"]
[Black "Ballarin Corvinos, Jorge"]
[Result "1-0"]
[WhiteElo "2149"]
[BlackElo "1748"]
[PlyCount "0"]
[WhiteTeam "MyInvestor Casablanca B"]
[BlackTeam "Binefar A"]
[EventDate "2023.01.28"]

1. c4 Nf6 2. g3 g6 3. Bg2 Bg7 4. Nc3 O-O 5. d4 d6 6. Nf3 Nbd7 7. O-O e5 8. e4
h6 9. h3 Re8 10. Re1 exd4 11. Nxd4 Nc5 12. b4 Ne6 13. Be3 Nxd4 14. Bxd4 Be6 15.
Nd5 c6 16. Ne3 Qd7 17. Kh2 Nh5 18. f4 c5 19. Bxg7 Nxg7 20. bxc5 dxc5 21. Qc2
Rad8 22. Rad1 Qc7 23. Nd5 Bxd5 24. cxd5 b5 25. e5 Qb6 26. Rc1 Rc8 27. d6 Red8
28. Bd5 Kf8 29. a4 a6 30. Re2 Nf5 31. Qe4 Kg7 32. Bxf7 Kxf7 33. e6+ Kg7 34.
Qe5+ Kh7 35. d7 Ra8 36. e7 Nxe7 37. Qxe7+ Kg8 38. Re6 1-0

[Event "Cto por Equipos de Aragon-Preferente I"]
[Site ""]
[Date "2023.03.18"]
[Round "8.41"]
[White "Bonet Herbera, Isabel"]
[Black "Cebollada Pacheco, Jesus Raul"]
[Result "1/2-1/2"]
[WhiteElo "1723"]
[BlackElo "1955"]
[PlyCount "0"]
[WhiteTeam "Binefar A"]
[BlackTeam "MyInvestor Casablanca B"]
[EventDate "2023.01.28"]

1. e4 e5 2. Nf3 Nc6 3. Nc3 Nf6 4. d4 exd4 5. Nxd4 Bb4 6. Nxc6 bxc6 7. Bd3 d5 8.
exd5 cxd5 9. O-O O-O 10. h3 c6 11. Qf3 Bd6 12. Bf4 Rb8 13. b3 Rb4 14. Ne2 Bxf4
15. Nxf4 Qd6 16. Ne2 c5 17. Rad1 a5 18. Ng3 a4 19. Rfe1 axb3 20. axb3 Be6 21.
Nf5 Bxf5 22. Qxf5 g6 23. Qg5 Kg7 24. Bc4 h6 25. Qd2 Rd8 26. Qc3 d4 27. Qf3 Qc7
28. Ra1 Qb7 29. Qf4 Rd7 30. Ra6 Rb6 31. Rea1 Qb8 32. Qxb8 Rxb8 33. Rc6 Nd5 34.
Rxc5 Nb4 35. Rc1 d3 36. cxd3 Nxd3 1/2-1/2

[Event "Cto por Equipos de Aragon-Preferente I"]
[Site ""]
[Date "2023.03.18"]
[Round "8.42"]
[White "Antonano Fernandez-Quincoces, Avelino"]
[Black "Arino Castan, Federico"]
[Result "1-0"]
[WhiteElo "1901"]
[BlackElo "1612"]
[PlyCount "0"]
[WhiteTeam "MyInvestor Casablanca B"]
[BlackTeam "Binefar A"]
[EventDate "2023.01.28"]

1. e4 e6 2. d4 d5 3. Nd2 dxe4 4. Nxe4 Be7 5. Nf3 Nf6 6. Bd3 Nbd7 7. Qe2 Nxe4 8.
Bxe4 Nf6 9. Bxb7 Rb8 10. Bc6+ Bd7 11. Ne5 O-O 12. Bxd7 Nxd7 13. Nc6 Qe8 14.
Nxb8 Qxb8 15. O-O Qb6 16. c3 Rb8 17. b3 Bf6 18. Be3 Qa5 19. Rac1 Nb6 20. c4 h6
21. Rfd1 Re8 22. a4 Qb4 23. Qc2 Qa5 24. Bf4 Re7 25. Qd3 Qh5 26. Qg3 c6 27. Be5
Nd7 28. Bxf6 Nxf6 29. Qd6 Rb7 30. b4 Qh4 31. g3 Qh3 32. Qxc6 Rxb4 33. Qa8+ Kh7
34. Qg2 Qf5 35. c5 Nd5 36. c6 Nc7 37. Rc5 Qg4 38. f3 Qg6 39. Qc2 f5 40. Rb1
Rxb1+ 41. Qxb1 Qf6 42. Qd3 g6 43. Ra5 a6 44. Re5 Qh8 45. Re1 Qd8 46. Qc4 Qd6
47. Qc5 Qd8 48. Rb1 Kg8 49. Qa7 Qd6 50. Rb8+ 1-0

[Event "Cto por Equipos de Aragon-Preferente I"]
[Site ""]
[Date "2023.03.18"]
[Round "8.44"]
[White "Carruez Gracia, Eduardo"]
[Black "Franco Ibanez, Carlos"]
[Result "1-0"]
[WhiteElo "1941"]
[BlackElo "1859"]
[PlyCount "0"]
[WhiteTeam "Agrupacion B"]
[BlackTeam "Shatranj A"]
[EventDate "2023.01.28"]

1. e4 e5 2. Nf3 Nc6 3. Bc4 Bc5 4. d3 d6 5. O-O Nf6 6. Bg5 h6 7. Bh4 Na5 8. Nbd2
Nxc4 9. Nxc4 Be6 10. Ne3 g5 11. Bg3 h5 12. h4 g4 13. Ng5 Nh7 14. Nxh7 Rxh7 15.
c3 Bb6 16. a4 a5 17. d4 f6 18. Kh1 Qe7 19. Qd3 O-O-O 20. d5 Bd7 21. Nc4 f5 22.
exf5 Rf7 23. Nxb6+ cxb6 24. Qe3 Kc7 25. b4 Bxf5 26. c4 axb4 27. a5 bxa5 28. c5
Rc8 29. cxd6+ Kxd6 30. Qb6+ Kd7 31. d6 Qd8 32. Qb5+ Ke6 33. Qxe5+ Kd7 34. Qb5+
Ke6 35. d7 1-0

[Event "Cto por Equipos de Aragon-Preferente I"]
[Site ""]
[Date "2023.03.18"]
[Round "8.45"]
[White "Del Corral Abancens, Alfonso"]
[Black "Pedrol Aguila, Mario"]
[Result "0-1"]
[WhiteElo "1853"]
[BlackElo "1681"]
[PlyCount "0"]
[WhiteTeam "Shatranj A"]
[BlackTeam "Agrupacion B"]
[EventDate "2023.01.28"]

1. e4 e6 2. Qe2 c5 3. c3 Nc6 4. Nf3 Qc7 5. g3 Be7 6. Bg2 Nf6 7. O-O O-O 8. d3
d5 9. Re1 Re8 10. e5 Nd7 11. d4 cxd4 12. cxd4 f6 13. exf6 Bxf6 14. Nc3 Nb6 15.
Nb5 Qe7 16. Bf4 e5 17. dxe5 g5 18. Nd6 Qxd6 19. exd6 Rxe2 20. Rxe2 gxf4 21.
Re8+ Kf7 22. Rae1 fxg3 23. hxg3 Bd7 24. Rxa8 Nxa8 25. Nd2 Be6 26. Nb3 Nb6 27.
Nc5 Bg4 28. Nxb7 Bxb2 29. Rb1 Be5 30. Rxb6 axb6 31. Bxd5+ Ke8 32. Bxc6+ Bd7 33.
Be4 Bf6 34. Bxh7 Bc6 35. Bg6+ Kf8 36. Bf5 Bxb7 37. Be6 Be5 38. d7 Ke7 39. Bf5
Bd5 40. a3 Bd6 41. a4 Bb3 42. g4 Bxa4 43. g5 Bxd7 44. Bc2 Bf4 45. g6 Kf6 46.
Kf1 Bb5+ 47. Kg2 Bh6 48. Kf3 Be8 49. Kg4 Bxg6 50. Bb3 Ke5 51. Bg8 b5 52. Bb3 b4
53. f3 Bf4 54. Ba4 Bf5+ 55. Kh5 Kd4 56. Bb3 Kc3 57. Bd5 Bd3 58. Kg4 Bd6 59. f4
Bc4 0-1

[Event "Cto por Equipos de Aragon-Preferente I"]
[Site ""]
[Date "2023.03.18"]
[Round "8.46"]
[White "Ivanov Ivanov, Deni"]
[Black "Ballonga Arruego, Alejandro"]
[Result "0-1"]
[WhiteElo "1453"]
[BlackElo "1656"]
[PlyCount "0"]
[WhiteTeam "Agrupacion B"]
[BlackTeam "Shatranj A"]
[EventDate "2023.01.28"]

1. d4 e6 2. c4 Bb4+ 3. Bd2 Qe7 4. Bxb4 Qxb4+ 5. Qd2 Qxd2+ 6. Nxd2 f5 7. g3 Nf6
8. Bg2 Nc6 9. e3 Rb8 10. Ngf3 b6 11. O-O Bb7 12. Rac1 O-O 13. a3 a5 14. Rfd1
Ne7 15. h3 h6 16. Ne5 Bxg2 17. Kxg2 d6 18. Nd3 g5 19. c5 Ned5 20. cxd6 cxd6 21.
Rc6 Rbd8 22. Nc4 Rc8 23. Rxc8 Rxc8 24. Nxd6 Rc6 25. Nb5 Rc2 26. Nd6 Nxe3+ 0-1

[Event "Cto por Equipos de Aragon-Preferente I"]
[Site ""]
[Date "2023.03.18"]
[Round "8.48"]
[White "Jario Garcia, Ricardo"]
[Black "Malo Guillen, Jose Luis"]
[Result "1-0"]
[WhiteElo "2005"]
[BlackElo "2128"]
[PlyCount "0"]
[WhiteTeam "Marcos Frechin B"]
[BlackTeam "Las Fuentes A"]
[EventDate "2023.01.28"]

1. e4 e5 2. Nf3 Nc6 3. d4 exd4 4. Nxd4 Bc5 5. Nb3 Bb6 6. Qe2 Nge7 7. Nc3 O-O 8.
Be3 f5 9. O-O-O d6 10. f3 fxe4 11. Nxe4 Nf5 12. Bxb6 axb6 13. Kb1 Qe7 14. Qd2
Kh8 15. h4 Qe5 16. Bd3 h6 17. f4 Qe8 18. g4 Nfd4 19. f5 d5 20. Ng5 Qe5 21. Rde1
Qf6 22. Qf4 Qd6 23. Re8 Be6 24. Qxd6 cxd6 25. Rxa8 1-0

[Event "Cto por Equipos de Aragon-Preferente I"]
[Site ""]
[Date "2023.03.18"]
[Round "8.49"]
[White "Alonso Blasco, Jose Miguel"]
[Black "Perez Tomas, Juan Manuel"]
[Result "1-0"]
[WhiteElo "1942"]
[BlackElo "1807"]
[PlyCount "0"]
[WhiteTeam "Las Fuentes A"]
[BlackTeam "Marcos Frechin B"]
[EventDate "2023.01.28"]

1. e4 c5 2. Nf3 d6 3. Bb5+ Nd7 4. d4 cxd4 5. Qxd4 a6 6. Bxd7+ Bxd7 7. c4 Nf6 8.
Nc3 Rc8 9. O-O Qc7 10. b3 e5 11. Qd1 b5 12. Nd5 Nxd5 13. cxd5 Be7 14. h3 f5 15.
exf5 Bxf5 16. Bg5 O-O 17. Rc1 Qb7 18. Rxc8 Rxc8 19. Bxe7 Qxe7 20. Qd2 h6 21.
Rc1 Qb7 22. Rxc8+ Qxc8 23. Nh4 Be4 24. f3 Qc5+ 25. Kh2 Bb1 26. g4 Qa3 27. Nf5
Qxa2 28. Qxa2 Bxa2 29. b4 Bxd5 30. Ne7+ 1-0

[Event "Cto por Equipos de Aragon-Preferente I"]
[Site ""]
[Date "2023.03.18"]
[Round "8.50"]
[White "Atares Buisan, Sergio"]
[Black "Javierre Conesa, Alfonso"]
[Result "1-0"]
[WhiteElo "1691"]
[BlackElo "1865"]
[PlyCount "0"]
[WhiteTeam "Marcos Frechin B"]
[BlackTeam "Las Fuentes A"]
[EventDate "2023.01.28"]

1. e4 c5 2. b4 cxb4 3. a3 Nc6 4. axb4 Nxb4 5. d4 d6 6. d5 Nf6 7. Qd2 Na6 8. f3
Nc5 9. Ba3 Qc7 10. Nc3 a6 11. Bb4 Rb8 12. Nge2 g6 13. Nd4 Bd7 14. Ba5 Qc8 15.
Bb6 Bg7 16. e5 dxe5 17. Ra5 exd4 18. Rxc5 Bc6 19. Qxd4 O-O 20. dxc6 Ne4 21.
Qxe4 1-0

[Event "Cto por Equipos de Aragon-Preferente I"]
[Site ""]
[Date "2023.03.18"]
[Round "8.51"]
[White "Pascual Sese, Lucas"]
[Black "Jario Dominguez, Diego"]
[Result "1-0"]
[WhiteElo "1722"]
[BlackElo "1622"]
[PlyCount "0"]
[WhiteTeam "Las Fuentes A"]
[BlackTeam "Marcos Frechin B"]
[EventDate "2023.01.28"]

1. d4 Nf6 2. Bf4 d5 3. e3 Bf5 4. Nf3 e6 5. Nbd2 h6 6. c4 c5 7. Ne5 Nbd7 8. Be2
cxd4 9. exd4 dxc4 10. Nexc4 Nb6 11. Nxb6 Qxb6 12. Qa4+ Nd7 13. Bb5 Qd8 14. Rc1
Rc8 15. Bxd7+ Qxd7 16. Rxc8+ Ke7 17. Rc7 Qxc7 18. Bxc7 Kf6 19. O-O a6 20. Qb3
b5 21. Qg3 Bb4 22. Nb3 Rc8 23. Be5+ Ke7 24. Qxg7 Rc2 25. Qf6+ Ke8 26. Qh8+ Ke7
27. Bf6+ Kd7 28. Qd8+ Kc6 29. Rc1 1-0

[Event "Cto por Equipos de Aragon-Preferente II"]
[Site ""]
[Date "2023.03.18"]
[Round "8.52"]
[White "Mombiela De Sus, Jose Luis"]
[Black "Ruiz Fernandez, Daniel"]
[Result "1/2-1/2"]
[WhiteElo "1944"]
[BlackElo "1926"]
[PlyCount "0"]
[WhiteTeam "Las Fuentes B"]
[BlackTeam "MyInvestor Casablanca C"]
[EventDate "2023.01.28"]

1. Nf3 d5 2. g3 Nd7 3. d4 Nb6 4. Bg2 Bf5 5. b3 e6 6. c4 c6 7. Nfd2 Nf6
8. c5 Nbd7 9. Nc3 b6 10. e4 dxe4 11. Ndxe4 Nd5 12. Bb2 bxc5 13. O-O Be7 14.
Nxc5 Nxc5 15. dxc5 O-O 16. Ne4 a5 17. Qe2 a4 18. Rad1 Bxe4 19. Bxe4 Bf6 20. b4
a3 21. Bc1 g6 22. Bxd5 exd5 23. Qf3 Bg7 24. Bxa3 Qf6 25. Rd3 Qxf3 26. Rxf3 Ra4
27. Rd1 Rfa8 28. Rdd3 Ba1 29. g4 d4 30. Rb3 Bc3 31. Bc1 Bxb4 32. Bh6 Ra3 33.
Rf6 Rxb3 34. axb3 Rc8 35. Rd6 Bxc5 36. Rd7 Bb6 37. b4 c5 38. bxc5 Bxc5 39. Kf1
Bb6 40. Rd6 1/2-1/2

[Event "Cto por Equipos de Aragon-Preferente II"]
[Site ""]
[Date "2023.03.18"]
[Round "8.53"]
[White "Sanjulian Arruga, Pablo"]
[Black "Brosa Soto, Jesus"]
[Result "0-1"]
[WhiteElo "1911"]
[BlackElo "1938"]
[PlyCount "0"]
[WhiteTeam "MyInvestor Casablanca C"]
[BlackTeam "Las Fuentes B"]
[EventDate "2023.01.28"]

1. c4 e5 2. Nc3 Nf6 3. Nf3 d6 4. g3 g6 5. Bg2 Bg7 6. d3 c5 7. O-O Nc6
8. Rb1 O-O 9. a3 a5 10. Ne1 Be6 11. Nc2 Rc8 12. b4 axb4 13. axb4 b6 14. Bg5 Qd7
15. b5 Ne7 16. Bxf6 Bxf6 17. Ne3 Bh3 18. Ncd5 Nxd5 19. Nxd5 Bd8 20. Ra1 Bxg2
21. Kxg2 f5 22. Ra6 Rb8 23. Qd2 g5 24. f3 Qg7 25. Rfa1 Rb7 26. Qa2 e4 27. fxe4
fxe4 28. Ra7 Rxa7 29. Qxa7 Qe5 30. e3 Qb2+ 31. Kh3 Qe2 32. Ne7+ Bxe7 33. Qxe7
g4+ 34. Kh4 Qxh2+ 35. Kg5 Qxg3 36. Qxe4 Qf3 37. Qxg4 Qxe3+ 38. Kh5+ Kh8 39. Qe4
Qh3+ 40. Kg5 Rg8+ 41. Kf6 Qh6+ 42. Kf5 Rg5+ 43. Kf4 Qf6+ 44. Ke3 Qxa1 45. Qe8+
Rg8 0-1

[Event "Cto por Equipos de Aragon-Preferente II"]
[Site ""]
[Date "2023.03.18"]
[Round "8.54"]
[White "Artal Alegria, Francisco Javier"]
[Black "Bello Cera, Raul"]
[Result "0-1"]
[WhiteElo "1745"]
[BlackElo "1657"]
[PlyCount "0"]
[WhiteTeam "Las Fuentes B"]
[BlackTeam "MyInvestor Casablanca C"]
[EventDate "2023.01.28"]

1. e4 e5 2. Nf3 Nc6 3. d4 exd4 4. c3 d5 5. exd5 Qxd5 6. cxd4 Bg4 7. Be2
Bb4+ 8. Nc3 Bxf3 9. Bxf3 Qc4 10. Qb3 Qxb3 11. axb3 Nxd4 12. Bxb7 Nc2+ 13. Kd1
Nxa1 14. Bc6+ Kd8 15. Bxa8 Nxb3 16. Be3 Bc5 17. Ne4 Bxe3 18. fxe3 Ne7 19. Kc2
Na5 20. Ng5 Re8 21. Nxf7+ Kc8 22. Be4 Nec6 23. Bf5+ Kb8 24. Bxh7 Rxe3 25. Rd1
Nc4 26. Kc1 Nb4 27. Ng5 Rb3 28. Rd8+ Kb7 29. Bg8 Rxb2 30. Bxc4 Rc2+ 31. Kb1
Rxc4 32. Rg8 Rg4 33. Rxg7 Rxg2 34. h4 Rg1+ 35. Kb2 Nd3+ 36. Kc3 Nf4 37. Rf7 Rg4
38. Rh7 Kb6 39. Nf7 a5 40. Kb3 Rg3+ 41. Ka4 Nd3 42. h5 Nc5# 0-1

[Event "Cto por Equipos de Aragon-Preferente II"]
[Site ""]
[Date "2023.03.18"]
[Round "8.57"]
[White "San Lazaro Lorente, David"]
[Black "Gutierrez Mingueza, Ruben"]
[Result "1/2-1/2"]
[WhiteElo "1773"]
[BlackElo "2009"]
[PlyCount "0"]
[WhiteTeam "Tauste A"]
[BlackTeam "San Jose A"]
[EventDate "2023.01.28"]

1. e4 c5 2. Nc3 Nc6 3. Bb5 g6 4. Bxc6 dxc6 5. f4 Bg7 6. Nf3 Nf6 7. O-O O-O 8.
d3 Bg4 9. Qe1 Bxf3 10. Rxf3 c4 11. Qh4 cxd3 12. Rxd3 Qb6+ 13. Qf2 Qxf2+ 14.
Kxf2 Rfd8 15. h3 Ne8 16. Be3 Bxc3 17. Rxc3 Nd6 18. Kf3 f5 19. e5 Nb5 20. Rd3
Rxd3 21. cxd3 Rd8 22. Rd1 Kf7 23. Ke2 Rd5 24. h4 h5 25. Rc1 Ke6 26. Rc2 Kd7 27.
a4 Nd4+ 28. Bxd4 Rxd4 29. Rc4 Rxc4 30. dxc4 c5 1/2-1/2

[Event "Cto por Equipos de Aragon-Preferente II"]
[Site ""]
[Date "2023.03.18"]
[Round "8.58"]
[White "Ferreruela Romero, Jose Joaquin"]
[Black "Solanas Esteban, Hector"]
[Result "0-1"]
[WhiteElo "1874"]
[BlackElo "1666"]
[PlyCount "0"]
[WhiteTeam "San Jose A"]
[BlackTeam "Tauste A"]
[EventDate "2023.01.28"]

1. d4 Nf6  2. Nf3 g6 3. c4 Bg7 4. Nc3 d5 5.
cxd5 Nxd5 6. e4 Nxc3 7. bxc3 c5 8. Rb1 O-O 9. Be2 Nc6 10. d5 Ne5 11. Qd2 Nxf3+
12. Bxf3 Qa5 13. Rb3 b5 14. O-O c4 15. Rb4 Bd7 16. Re1 Qc7 17. Rb1 Qc5 18. Qc2
a5 19. Bf4 Rfd8 20. Qd2 Qa3 21. e5 Rac8 22. Be4 Be8 23. Re3 b4 24. Qe1 b3 25.
axb3 cxb3 26. c4 a4 27. Ra1 Qc5 28. Rc3 f6 29. Be3 Qb4 30. d6 exd6 31. Bd5+ Kh8
32. Bd2 dxe5 33. Rh3 Qc5 34. Bb4 0-1

[Event "Cto por Equipos de Aragon-Preferente II"]
[Site ""]
[Date "2023.03.18"]
[Round "8.59"]
[White "Liarte Marinoso, Aaron"]
[Black "Rubio Tello, Abel"]
[Result "1/2-1/2"]
[WhiteElo "1621"]
[BlackElo "1807"]
[PlyCount "0"]
[WhiteTeam "Tauste A"]
[BlackTeam "San Jose A"]
[EventDate "2023.01.28"]

1. d4 d5 2. e4 e6 3. e5 c5 4. c3 Bd7 5. a4 Nc6 6. Nf3 Qb6 7.
Be2 Rc8 8. O-O cxd4 9. cxd4 Nge7 10. Na3 Nf5 11. Nc2 h5 12. Bb5 Nb8 13. Bxd7+
Kxd7 14. Ne3 g6 15. a5 Qb5 16. Qa4 Qxa4 17. Rxa4 Be7 18. Bd2 Nc6 19. Rc1 h4 20.
h3 Nxe3 21. Bxe3 Nb4 22. Raa1 Nd3 23. Rc3 Nxb2 24. Rb3 Nc4 25. Rxb7+ Rc7 26. a6
Kc6 27. Rab1 Rhc8 28. Bg5 Bxg5 29. Nxg5 Nb6 30. Nxf7 Rxb7 31. axb7 Rb8 32. Nd6
Nc4 1/2-1/2

[Event "Cto por Equipos de Aragon-Preferente II"]
[Site ""]
[Date "2023.03.18"]
[Round "8.60"]
[White "Veras Sanz, Marino"]
[Black "Lopez Caudevilla, David"]
[Result "0-1"]
[WhiteElo "2054"]
[BlackElo "2165"]
[PlyCount "0"]
[WhiteTeam "El Olivar B"]
[BlackTeam "Actur Rey Fernando A"]
[EventDate "2023.01.28"]


1. Nf3 g6 2. g3 Bg7 3. Bg2 e5 4. d4 e4 5. Ng5 f5 6. c4 Qf6 7. Nc3 Qxd4 8. Qxd4
Bxd4 9. Nb5 Be5 10. f4 a6 11. fxe5 axb5 12. cxb5 Ne7 13. h4 h6 14. Nh3 c6 15.
h5 cxb5 16. hxg6 Nxg6 17. O-O Nxe5 18. Rxf5 Nbc6 19. Bf4 d6 20. Rf6 Ke7 21.
Rxh6 Rxh6 22. Bxh6 Bxh3 23. Bxh3 d5 24. a3 b4 25. Rf1 bxa3 26. bxa3 Nc4 27.
Bg5+ Kd6 28. Rf7 b5 29. Rd7+ Kc5 30. Be6 Nb6 31. Rc7 Kd6 32. Bf4+ Ne5 33. Rb7
Kc6 34. Rxb6+ Kxb6 35. Bxe5 Kc5 36. e3 Rxa3 37. Bd4+ Kd6 38. Bf7 b4 39. g4 Rd3
40. Bf6 Rxe3 41. g5 d4 42. g6 d3 43. g7 d2 44. Bh5 Rf3 45. Bxf3 exf3 46. g8=Q
d1=Q+ 47. Kh2 Qd2+ 48. Kh1 Qe1+ 49. Kh2 f2 50. Qg3+ Ke6 51. Bh4 f1=N+ 0-1

[Event "Cto por Equipos de Aragon-Preferente II"]
[Site ""]
[Date "2023.03.18"]
[Round "8.61"]
[White "Aviol Perez, Jose Mariano"]
[Black "Galve Guinea, Alejandro"]
[Result "1-0"]
[WhiteElo "1772"]
[BlackElo "1960"]
[PlyCount "0"]
[WhiteTeam "Actur Rey Fernando A"]
[BlackTeam "El Olivar B"]
[EventDate "2023.01.28"]

1. d4 d5 2. Nf3 Nf6 3. c4 c6 4. Nc3 dxc4 5. Ne5 b5 6. g3 e6 7. Bg2 Nd5 8. O-O
Bb7 9. a4 a6 10. Ne4 Nd7 11. Nxf7 Kxf7 12. Ng5+ Kg8 13. Bh3 g6 14. Bxe6+ Kg7
15. Bxd5 1-0

[Event "Cto por Equipos de Aragon-Preferente II"]
[Site ""]
[Date "2023.03.18"]
[Round "8.62"]
[White "Bailo Remacha, Santiago"]
[Black "Leon Dionis, Mateo"]
[Result "0-1"]
[WhiteElo "1928"]
[BlackElo "1754"]
[PlyCount "0"]
[WhiteTeam "El Olivar B"]
[BlackTeam "Actur Rey Fernando A"]
[EventDate "2023.01.28"]

1. d4 c6 2. c4 d5 3. Nc3 Nf6 4. Nf3 Bf5 5. Qb3 Bc8 6. Bf4 e6 7. e3 Be7 8. Bd3
Nbd7 9. h3 Nf8 10. O-O Ng6 11. Bh2 Bd6 12. Ne5 Bxe5 13. dxe5 Nd7 14. cxd5 Nc5
15. Qc4 Nxd3 16. dxc6 O-O 17. cxb7 Bxb7 18. Qb5 Bxg2 19. Kxg2 Qg5+ 20. Bg3 Nh4+
21. Kh1 Nxf2+ 22. Kh2 Nxh3 23. Kxh3 Nf5 24. Rf3 Nxe3 25. Rf4 Qh5+ 26. Bh4 Rab8
27. Qd3 Qxe5 28. Rf3 Rxb2 29. Rxe3 Qh2+ 30. Kg4 f5+ 31. Kg5 h6+ 32. Kh5 g6+ 33.
Kxg6 Qxh4 0-1

[Event "Cto por Equipos de Aragon-Preferente II"]
[Site ""]
[Date "2023.03.18"]
[Round "8.63"]
[White "Garcia Alvarez, Sergio"]
[Black "Munoz Valles, Jorge"]
[Result "1-0"]
[WhiteElo "1722"]
[BlackElo "1838"]
[PlyCount "0"]
[WhiteTeam "Actur Rey Fernando A"]
[BlackTeam "El Olivar B"]
[EventDate "2023.01.28"]

1. b3 e5 2. Bb2 d6 3. e3 Nf6 4. d3 g6 5. Nd2 Bg7 6. g3 c6 7. Bg2 Qc7 8. Ne2 O-O
9. h3 a5 10. a3 Be6 11. O-O Na6 12. Kh2 Nd5 13. e4 Ne7 14. d4 f5 15. f4 exf4
16. Nxf4 Bf7 17. c3 fxe4 18. Bxe4 Rae8 19. Qc2 Nb8 20. Rae1 Nd7 21. Bd3 Nf6 22.
Ne4 Nfd5 23. Nxd5 Bxd5 24. c4 Bxe4 25. Rxf8+ Rxf8 26. Bxe4 Qd8 27. Qe2 Qb6 28.
Qe3 d5 29. c5 Qd8 30. Bc2 Nc8 31. Qe6+ Kh8 32. Kg2 Qc7 33. h4 Bf6 34. h5 g5 35.
Qf5 h6 36. Re6 Qg7 37. Rxf6 Rxf6 38. Qxc8+ Rf8 39. Qe6 Rf6 40. Qe3 Qf8 41. Bc3
Qd8 42. Qe5 Kg8 43. Bxa5 Qf8 44. Qe3 g4 45. Bc7 Qf7 46. Bf4 Qxh5 47. Kg1 Kf7
48. Qd3 Kf8 49. Qh7 1-0